00494nam a2200157 a 4500008004100000020001500041050001600056100002500072245010900097260004100206300002300247350000900270650002000279650001900299700001800318120416s1983 ||||||||||||||||| || u a086531974X aHB 1955 Urb aGoldscheider, Calvin10aUrban migrants in developing nations: patterns and problems of adjustmentcedited by Calvin Goldscheider aBoulder, Col.:bWestview Pressc1983 axvii, 287p. : Ill. a0.00 aMIGRANTS, URBAN 7aMIGRATION2gnd aBrown, M. Ray